00333pab a2200133 454500008004000000100001600040245004000056260000900096300001400105362001200119650003200131650001600163773002000179180718b2005 xxu||||| |||| 00| 0 eng d aNiraj Kumar aLand reforms in Bihar: an appraisal c2005 ap.120-33. aOct-Dec aLand reform - India - Bihar aLand reform aIASSI Quarterly